000 00655nam a2200217Ia 4500
005 20221116105417.0
008 210716s2012 xx 000 0 und d
020 _a9788131722961
040 _cAIMIT LIBRARY
041 _aeng
082 _a005.3642
_21
_bHANM
100 _aHansen, Mark D.
_961781
245 _aSOA using java web services /
_cBy Mark D. Hansen.
250 _a1st ed.
260 _aNew Delhi :
_bPearson ,
_c2012.
300 _axxix,574 p. ;
_c24.5 cm.
650 _aOverview of java web services
_961782
650 _aBasic soa using rest
_961783
650 _aJAXB 2.0 data binding
_961784
942 _2ddc
_cBK
_e1st
_k005.3642 HANM
999 _c192880
_d192880